LEADER 02723nam 22005295 450 001 9910350314603321 005 20180901031709.0 010 $a981-13-2315-1 024 7 $a10.1007/978-981-13-2315-7 035 $a(CKB)4100000006098163 035 $a(MiAaPQ)EBC5504947 035 $a(DE-He213)978-981-13-2315-7 035 $a(EXLCZ)994100000006098163 100 $a20180830d2019 u| 0 101 0 $aeng 135 $aurcnu|||||||| 181 $ctxt$2rdacontent 182 $cc$2rdamedia 183 $acr$2rdacarrier 200 10$aApproaches to Entropy$b[electronic resource] /$fby Jeremy R. H. Tame 210 1$aSingapore :$cSpringer Singapore :$cImprint: Springer,$d2019. 215 $a1 online resource (203 pages) 311 $a981-13-2314-3 327 $aGeneral thermodynamics -- Carnot and Clausius -- Maxwell and Boltzmann -- Gibbs -- Partition functions and ensembles -- Planck -- Einstein -- Shannon -- Nernst -- On Entropy as Mixed-up-ness -- Problems. 330 $aThis is a book about thermodynamics, not history, but it adopts a semi-historical approach in order to highlight different approaches to entropy. The book does not follow a rigid temporal order of events, nor it is meant to be comprehensive. It includes solved examples for a solid understanding. The division into chapters under the names of key players in the development of the field is not intended to separate these individual contributions entirely, but to highlight their different approaches to entropy. This structure helps to provide a different view-point from other text-books on entropy. 606 $aEngineering 606 $aThermodynamics 606 $aBiochemistry 606 $aHydraulic engineering 606 $aEngineering Thermodynamics, Heat and Mass Transfer$3http://scigraph.springernature.com/things/product-market-codes/T14000 606 $aThermodynamics$3http://scigraph.springernature.com/things/product-market-codes/P21050 606 $aBiochemistry, general$3http://scigraph.springernature.com/things/product-market-codes/L14005 606 $aEngineering Fluid Dynamics$3http://scigraph.springernature.com/things/product-market-codes/T15044 615 0$aEngineering. 615 0$aThermodynamics. 615 0$aBiochemistry. 615 0$aHydraulic engineering. 615 14$aEngineering Thermodynamics, Heat and Mass Transfer. 615 24$aThermodynamics. 615 24$aBiochemistry, general. 615 24$aEngineering Fluid Dynamics. 676 $a536.73 700 $aTame$b Jeremy R. H$4aut$4http://id.loc.gov/vocabulary/relators/aut$0957727 906 $aBOOK 912 $a9910350314603321 996 $aApproaches to Entropy$92169591 997 $aUNINA LEADER 01325nam a2200361 i 4500 001 991000907389707536 005 20020507175629.0 008 940727s1984 de ||| | eng 020 $a3040138838 035 $ab10774051-39ule_inst 035 $aLE01304139$9ExL 040 $aDip.to Matematica$beng 082 0 $a001.642 084 $aAMS 68-06 084 $aAMS 68-XX 084 $aCR B.7 084 $aCR D.1 084 $aCR D.2 084 $aQA76.751 100 1 $aJoseph, Mathai$06580 245 10$aFoundations of software technology and theoretical computer science :$bfourth conf. held in Bangalora, India, December 13-15, 1984 /$ceds. Mathai Joseph, Rudrapatna Shymasundar 260 $aBerlin ; New York :$bSpringer-Verlag,$c1984 300 $aviii, 468 p. ;$c24 cm. 650 4$aComputer science$xCongresses 650 4$aComputer software$xCongresses 650 4$aIntegrated circuits 700 1 $aShyamasundar, Rudrapatna 907 $a.b10774051$b21-09-06$c28-06-02 912 $a991000907389707536 945 $aLE013 68-XX JOS11 (1984)$g1$i2013000001968$lle013$o-$pE0.00$q-$rl$s- $t0$u0$v0$w0$x0$y.i10872838$z28-06-02 996 $aFoundations of software technology and theoretical computer science$9922660 997 $aUNISALENTO 998 $ale013$b01-01-94$cm$da $e-$feng$gde $h0$i1 LEADER 04604oam 2200697Ia 450 001 9910777503803321 005 20190503073338.0 010 $a0-262-29997-6 010 $a1-282-10090-4 010 $a9786612100901 010 $a0-262-25713-0 010 $a1-4294-6097-0 035 $a(CKB)1000000000467031 035 $a(SSID)ssj0000101167 035 $a(PQKBManifestationID)11111480 035 $a(PQKBTitleCode)TC0000101167 035 $a(PQKBWorkID)10037421 035 $a(PQKB)10379255 035 $a(MiAaPQ)EBC3338554 035 $a(CaBNVSL)mat06267350 035 $a(IDAMS)0b000064818b4338 035 $a(IEEE)6267350 035 $a(OCoLC)86070780$z(OCoLC)290542050$z(OCoLC)614488287$z(OCoLC)648224784$z(OCoLC)722564942$z(OCoLC)728027063$z(OCoLC)815776798$z(OCoLC)961526611$z(OCoLC)962598591$z(OCoLC)988463109$z(OCoLC)991956973$z(OCoLC)992068098$z(OCoLC)1011834316$z(OCoLC)1037925298$z(OCoLC)1038683191$z(OCoLC)1055326292$z(OCoLC)1066417279$z(OCoLC)1081224060 035 $a(OCoLC-P)86070780 035 $a(MaCbMITP)1198 035 $a(Au-PeEL)EBL3338554 035 $a(CaPaEBR)ebr10173610 035 $a(OCoLC)86070780 035 $a(PPN)258397624 035 $a(EXLCZ)991000000000467031 100 $a20070319d2007 uy 0 101 0 $aeng 135 $aurcn||||||||| 181 $ctxt 182 $cc 183 $acr 200 10$aAligning modern business processes and legacy systems $ea component-based perspective /$fWillem-Jan van den Heuvel ; foreword by Michael L. Brodie 210 $aCambridge, Mass. $cMIT Press$dİ2007 215 $axxii, 206 p. $cill 225 1 $aCooperative information systems 300 $aBibliographic Level Mode of Issuance: Monograph 311 $a0-262-51346-3 311 $a0-262-22079-2 320 $aIncludes bibliographical references (p. [191]-202) and index. 330 $aDistributed business component computing--the assembling of business components into electronic business processes, which interact via the Internet--caters to a new breed of enterprise systems that are flexible, relatively easy to maintain and upgrade to accommodate new business processes, and relatively simple to integrate with other enterprise systems. Companies with unwieldy, large, and heterogeneous inherited information systems--known as legacy systems--find it extremely difficult to align their old systems with novel business processes. Legacy systems are not only tightly intertwined with existing business processes and procedures but also have a brittle architecture after years of ad-hoc fixes and offer limited openness to other systems. In this book, Willem-Jan van den Heuvel provides a methodological framework that offers pragmatic techniques for aligning component-based business processes and legacy systems. Van den Heuvel's methodology is based on three building blocks: reverse engineering, which allows legacy systems to be componentized; forward engineering, which derives a set of business components from requirements of the new business processes; and alignment of new business processes and componentized legacy systems. Van den Heuvel provides a theoretical foundation for these, with chapters that discuss component-based development, introduce a case study that is used throughout the book to illustrate the methodology, and assess methods and technologies for legacy integration, component adaptation, and process alignment. He describes the methodological framework itself and its techniques to align new business processes with legacy systems by adopting a meet-in-the-middle strategy. Drawing on topics from a wide range of disciplines, including component-based development, distributed computing, business process modeling, and others, Aligning Modern Business Processes and Legacy Systems offers theoretically grounded practical methodology that has been explored and tested in a variety of experiments as well as some real-world projects. 410 0$aCooperative information systems 606 $aManagement information systems 606 $aInformation technology 606 $aReengineering (Management) 610 $aINFORMATION SCIENCE/Technology & Policy 615 0$aManagement information systems. 615 0$aInformation technology. 615 0$aReengineering (Management) 676 $a658.4/038011 700 $aHeuvel$b Willem-Jan van den$01524616 801 0$bOCoLC-P 801 1$bOCoLC-P 906 $aBOOK 912 $a9910777503803321 996 $aAligning modern business processes and legacy systems$93765587 997 $aUNINA